California wine. (Record no. 18956)
[ view plain ]
| 000 -LEADER | |
|---|---|
| fixed length control field | 00917cam a2200289 4500 |
| 001 - CONTROL NUMBER | |
| control field | californiawine00thomrich |
| 003 - CONTROL NUMBER IDENTIFIER | |
| control field | CaSfIA |
| 005 - DATE AND TIME OF LATEST TRANSACTION | |
| control field | 20230525154834.0 |
| 007 - PHYSICAL DESCRIPTION FIXED FIELD--GENERAL INFORMATION | |
| fixed length control field | cr|||| |
| 008 - FIXED-LENGTH DATA ELEMENTS--GENERAL INFORMATION | |
| fixed length control field | 731030s1973 caua 001 0 eng |
| 010 ## - LIBRARY OF CONGRESS CONTROL NUMBER | |
| LC control number | 73075753 |
| 040 ## - CATALOGING SOURCE | |
| Original cataloging agency | DLC |
| Transcribing agency | DLC |
| Modifying agency | OCL |
| -- | OCLCG |
| -- | AU@ |
| -- | CaSfIA |
| 035 ## - SYSTEM CONTROL NUMBER | |
| System control number | (OCoLC)746087 |
| 043 ## - GEOGRAPHIC AREA CODE | |
| Geographic area code | n-us-ca |
| 050 #0 - LIBRARY OF CONGRESS CALL NUMBER | |
| Classification number | TP557 |
| Item number | .C33 1973 |
| 082 ## - DEWEY DECIMAL CLASSIFICATION NUMBER | |
| Classification number | 663/.22/09794 |
| 029 1# - OTHER SYSTEM CONTROL NUMBER (OCLC) | |
| OCLC library identifier | NZ1 |
| System control number | 3120142 |
| 029 1# - OTHER SYSTEM CONTROL NUMBER (OCLC) | |
| OCLC library identifier | AU@ |
| System control number | 000000518108 |
| 245 00 - TITLE STATEMENT | |
| Title | California wine. |
| Medium | [electronic resource] |
| Statement of responsibility, etc. | [Edited by: Bob Thompson. |
| 250 ## - EDITION STATEMENT | |
| Edition statement | 1st ed.]. |
| 260 ## - PUBLICATION, DISTRIBUTION, ETC. | |
| Place of publication, distribution, etc. | Menlo Park, Calif., |
| Name of publisher, distributor, etc. | Lane Magazine |
| Date of publication, distribution, etc. | [1973] |
| 300 ## - PHYSICAL DESCRIPTION | |
| Extent | 224 p. |
| Other physical details | illus. |
| Dimensions | 29 cm. |
| 490 0# - SERIES STATEMENT | |
| Series statement | A Sunset pictorial |
| 650 #0 - SUBJECT ADDED ENTRY--TOPICAL TERM | |
| Topical term or geographic name entry element | Wine and wine making |
| Geographic subdivision | California. |
| 700 1# - ADDED ENTRY--PERSONAL NAME | |
| Personal name | Thompson, Bob, |
| Dates associated with a name | 1934- |
| Relator term | ed. |
| 856 41 - ELECTRONIC LOCATION AND ACCESS | |
| Uniform Resource Identifier | <a href="http://www.archive.org/details/californiawine00thomrich">http://www.archive.org/details/californiawine00thomrich</a> |
| Public note | Free eBook from the Internet Archive |
| Withdrawn status | Lost status | Damaged status | Not for loan | Collection | Home library | Current library | Date acquired | Total Checkouts | Date last seen | Price effective from | Koha item type |
|---|---|---|---|---|---|---|---|---|---|---|---|
| Project Gutenberg | Main Library | Main Library | 05/25/2023 | 05/25/2023 | 05/25/2023 | EBooks |